[Event "5th Kings Tournament"]
[Site "Medias ROU"]
[Date "2011.06.20"]
[Round "9"]
[White "Nakamura,Hi"]
[Black "Radjabov,T"]
[Result "1/2-1/2"]
[WhiteElo "2774"]
[BlackElo "2744"]

1.e4 c5 2.Nf3 Nc6 3.d4 cxd4 4.Nxd4 e5 5.Nb5 d6 6.N1c3 a6 7.Na3 b5 8.Nd5 Nge7
9.c4 Nxd5 10.cxd5 Nd4 11.Bd3 g6 12.Nc2 Bg7 13.O-O O-O 14.Be3 Kh8 15.Rc1 f5
16.f3 Bd7 17.Qd2 f4 18.Bf2 g5 19.Nxd4 exd4 20.Be2 Qb6 21.Rfd1 Rac8 22.Rxc8 Rxc8
23.b4 Be5 24.a3 Kg7 25.Kf1 Kf7 26.Ke1 Qc7 27.Bxd4 Bxd4 28.Qxd4 Qc3+ 29.Qxc3 Rxc3
30.Rd3 Rxd3 31.Bxd3 h5 32.g3 h4 33.gxf4 gxf4 34.Kd2 Kf6 35.Kc3 Ke5 36.a4 Be8
37.Be2 Bd7 38.Bf1 Be8 39.axb5 axb5 40.Kd3 Bd7 41.Ke2 Kd4 42.Kd2 Ke5 43.Kd3 Bc8
44.Kc3 Bd7 45.Kd3 Bc8 46.Kc3 Bd7  1/2-1/2

[Event "39th GM"]
[Site "Dortmund GER"]
[Date "2011.07.25"]
[Round "5"]
[White "Meier,Geo"]
[Black "Nakamura,Hi"]
[Result "1/2-1/2"]
[WhiteElo "2656"]
[BlackElo "2770"]

1.d4 Nf6 2.c4 g6 3.Nc3 Bg7 4.e4 d6 5.Nf3 O-O 6.Be2 e5 7.O-O Nc6 8.d5 Ne7
9.Ne1 Nd7 10.Be3 f5 11.f3 f4 12.Bf2 g5 13.Nd3 Nf6 14.c5 Ng6 15.Rc1 Rf7 16.a4 Bf8
17.a5 h5 18.cxd6 cxd6 19.Nb5 g4 20.Nxa7 Bd7 21.Qb3 g3 22.Bb6 Qe7 23.Rc7 Ne8
24.Rxd7 gxh2+ 25.Kh1 Qxd7 26.Rc1 Rg7 27.Bf1 Nh4 28.Rc3 Qe7 29.Qc2 Qg5 30.Ne1 Ng6
31.Nd3 Nh4 32.Ne1 Kh7 33.b4 Be7 34.Bf2 Bd8 35.Rc8 Rxc8 36.Qxc8 Ng6 37.a6 Qe7
38.axb7 Qxb7 39.Qxd8 Qxb4 40.Qxe8 Qb2 41.Nd3 Qb1 42.Be1 Rxa7 43.Qc6 Ra3 44.Qc1 Qb6
45.Kxh2 Ra2 46.Nb4 Ra4 47.Qc3 h4 48.Nc2 h3 49.gxh3 Qb1 50.Qd2 Ra2 51.Bd3 Kh6
52.h4 Nf8 53.Bf2 Qb3 54.Kg2 Ng6 55.Qd1 Nf8 56.Kh3 Ng6 57.Qf1 Qc3 58.Be1 Qc8+
59.Kh2 Kh5 60.Qf2 Rb2 61.Qa7 Rxc2+ 62.Bxc2 Qxc2+ 63.Kg1 Kh6 64.Qf2 Qb1 65.Kh2 Nh8
66.Qg1 Nf7 67.Bf2 Qc2 68.Qg2 Qb2 69.Bg1 Qc3 70.Kh3 Qc1 71.Bb6 Qc8+ 72.Qg4 Qa6
73.Bf2 Qf1+ 74.Qg2 Qc1 75.Kh2 Qc2 76.Bg1 Qd1 77.Qh3 Qd2+ 78.Kh1 Qe2 79.Bb6 Qb2
80.Qe6+ Kg7 81.Qg4+ Kf8 82.Bg1 Qe2 83.Qg2 Qe1 84.Qf2 Qc1 85.Kh2 Kg7 86.Qe2 Kh6
87.Bf2 Qc3 88.Kg2 Qc8 89.Qb5 Qg8+ 90.Kh2 Qd8 91.Qb6 Qd7 92.Qa6 Qd8 93.Qf1 Qc8
94.Qh3 Qf8 95.Qe6+ Kh5 96.Qf5+ Kh6 97.Qf6+ Kh5 98.Kg2 Qg8+ 99.Kf1 Qf8 100.Bb6 Qg8
101.Bc7 Qg6 102.Qxg6+ Kxg6 103.Kg2 Kf6 104.Kh3 Kg6 105.Ba5 Kf6 106.Kg4 Nh6+
107.Kh5 Nf7 108.Be1 Kg7 109.Kg4 Kf6 110.Kh3 Nh6 111.Kg2 Kg6 112.Kf1 Kf7 113.Ke2 Ng8
114.Bb4 Ke7 115.Ke1 Nf6 116.Kf2 Kd7 117.Kg2 Ke7 118.Kh3 Kd7 119.Be1 Ke7 120.Bf2 Kf7
121.Ba7 Ke7 122.Bb6 Ke8 123.Bf2 Kf7 124.Be1 Ke7 125.h5 Nxh5 126.Kg4 Nf6+
127.Kf5 Nd7 128.Bh4+ Kf7 129.Bd8 Nc5 130.Bg5 Nb3 131.Kg4 Nd4 132.Bh4 Nc2
133.Kg5 Ne3 134.Bf2 Ke7 135.Kh4 Kd7 136.Kh3 Kc7 137.Bh4 Kb6 138.Be7 Kc5 139.Kh2 Nc4
140.Kg2 Kd4 141.Kf2 Kd3 142.Bf8 Kd2 143.Be7 Kd1 144.Bf8 Kd2 145.Be7 Kd3 146.Bf8 Nd2
147.Bxd6 Nxe4+ 148.fxe4 Kxe4 149.Bxe5 Kxd5 150.Bxf4  1/2-1/2

[Event "39th GM"]
[Site "Dortmund GER"]
[Date "2011.07.27"]
[Round "6"]
[White "Nakamura,Hi"]
[Black "Giri,A"]
[Result "1/2-1/2"]
[WhiteElo "2770"]
[BlackElo "2701"]

1.d4 Nf6 2.c4 e6 3.Nc3 Bb4 4.e3 O-O 5.Bd3 d5 6.Nf3 c5 7.O-O cxd4 8.exd4 dxc4
9.Bxc4 b6 10.Qe2 Bb7 11.Bg5 Bxc3 12.bxc3 Nbd7 13.Bd3 Qc7 14.c4 h6 15.Bd2 Ng4
16.Be4 Bxe4 17.Qxe4 Ngf6 18.Qe2 Qc6 19.a4 Rac8 20.Rfc1 Qe4 21.Be3 Rc7 22.a5 Rfc8
23.Nd2 Qf5 24.axb6 axb6 25.f3 e5 26.Rcb1 exd4 27.Bxd4 Qf4 28.Qf2 Rc6 29.Re1 Rd6
30.Be3 Qf5 31.Bxh6 Rdc6 32.Be3 Ne5 33.Red1 Nfd7 34.Ra7 Qc2 35.Rda1 Nf8 36.h3 Nxc4
37.Nxc4 Rxc4 38.Qxc2 Rxc2 39.Bxb6 Rb2 40.Bc7 Ne6 41.Ra8 Rxa8 42.Rxa8+ Kh7
43.Be5 Re2 44.Ra5 g5 45.Rb5 Kg6 46.Kf1 Rc2 47.Rb2 Rxb2 48.Bxb2 f5 49.g3 g4
50.fxg4 fxg4 51.h4 Nc5 52.Ke2 Ne4 53.Be5 Kf5 54.Bc7 Nf6 55.Kd3 Ne4 56.Bb8 Nf6
57.Kd4 Ne4 58.Bf4 Nf6 59.Be5 Ne4 60.Kd5 Nd2 61.Bf4 Nf1 62.h5 Nxg3 63.h6 Nh5
64.Bc7 Kg6 65.Ke4 Kxh6 66.Kf5 g3 67.Bb6 g2 68.Bg1 Ng3+ 69.Kf4 Ne2+ 70.Kf3 Nxg1+
71.Kf2 Nf3 72.Kxg2  1/2-1/2

[Event "39th GM"]
[Site "Dortmund GER"]
[Date "2011.07.28"]
[Round "7"]
[White "Nakamura,Hi"]
[Black "Le Quang Liem"]
[Result "1/2-1/2"]
[WhiteElo "2770"]
[BlackElo "2715"]

1.d4 d5 2.c4 c6 3.Nc3 Nf6 4.e3 e6 5.Nf3 Nbd7 6.Qc2 Bd6 7.Bd3 O-O 8.O-O dxc4
9.Bxc4 a6 10.Rd1 b5 11.Bd3 Qc7 12.Bd2 c5 13.dxc5 Qxc5 14.b4 Qc7 15.a4 bxa4
16.Qxa4 Bb7 17.Qa5 Qb8 18.Be2 Rc8 19.Rdc1 Ne5 20.Nxe5 Bxe5 21.f4 Bc7 22.Qa3 g5
23.Rf1 Rd8 24.Rad1 Bc6 25.Kh1 Qb7 26.Bf3 g4 27.Bxc6 Qxc6 28.Qa2 Rd3 29.Rc1 Rad8
30.Be1 Rxe3 31.Qf2 Qc4 32.Bd2 Red3 33.Nb1 Qd5 34.Rxc7 Ne4 35.Qh4 Nxd2 36.Qxg4+ Kh8
37.Qh4 Qf5 38.Nxd2 Rxd2 39.h3 Qg6 40.Rf2 Kg7 41.Kh2 h6 42.Rc6 Rxf2 43.Qxf2 Qd3
44.f5 Qxf5 45.Qxf5 exf5 46.Rxa6 Rd3 47.Rc6 Rb3 48.Rc4 Kg6 49.g3 Rb2+ 50.Kg1 Kg5
51.Kf1 Kf6 52.Ke1 Ke5 53.Kf1 Rb3 54.Kf2 Rb2+ 55.Kf1 Rb3 56.Kf2 Rb2+  1/2-1/2

[Event "39th GM"]
[Site "Dortmund GER"]
[Date "2011.07.29"]
[Round "8"]
[White "Ponomariov,R"]
[Black "Nakamura,Hi"]
[Result "1-0"]
[WhiteElo "2764"]
[BlackElo "2770"]

1.d4 Nf6 2.c4 g6 3.Nc3 Bg7 4.e4 d6 5.Nf3 O-O 6.Be2 e5 7.O-O Nc6 8.dxe5 dxe5
9.Bg5 Qxd1 10.Rfxd1 Bg4 11.h3 Bxf3 12.Bxf3 Nd4 13.Nd5 Nxd5 14.cxd5 f5 15.Kf1 Rf7
16.Rac1 fxe4 17.Bxe4 Bf8 18.Rd3 Bd6 19.Be3 Nf5 20.Bd2 a5 21.Rf3 b6 22.g4 Ne7
23.Rfc3 Rd8 24.Bg5 Rd7 25.h4 Rf8 26.Bh6 Rf7 27.Ke2 Kh8 28.Bg5 Rf8 29.f3 Ng8
30.Rh1 Nf6 31.Bxf6+ Rxf6 32.g5 Rf4 33.h5 Kg8 34.hxg6 hxg6 35.Rh6 Rg7 36.Bxg6 Rb4
37.b3 a4 38.Rc1 axb3 39.axb3 Rxb3 40.Rch1 Kf8 41.Rh8+ Rg8 42.Be4 Rb2+ 43.Kf1 Be7
44.g6 Bf6 45.R8h7 Bg7 46.R1h5 Ke7 47.Rxe5+ Kd6 48.Re6+ Kc5 49.Re7 Ra8 50.Rxc7+ Kd6
51.Rc1 Bd4 52.f4 Bc5 53.Rc2 Rb1+ 54.Kg2 Rg1+ 55.Kh2 Rg4 56.Bf5 Rxf4 57.Be6 Rf6
58.g7 Rxe6 59.dxe6 Rg8 60.Re2 Ke7 61.Re4 b5 62.Kh3 b4 63.Rh5 Bd6 64.Rb5 Kf6
65.e7  1-0

[Event "39th GM"]
[Site "Dortmund GER"]
[Date "2011.07.30"]
[Round "9"]
[White "Nakamura,Hi"]
[Black "Meier,Geo"]
[Result "1-0"]
[WhiteElo "2770"]
[BlackElo "2656"]

1.g3 d5 2.Bg2 e5 3.d3 Nf6 4.Nf3 Nc6 5.a3 Bd6 6.Bg5 Be6 7.Nfd2 Be7 8.c4 dxc4
9.dxc4 Qd7 10.Nc3 Rd8 11.O-O h6 12.Bxf6 Bxf6 13.Nd5 Bg5 14.Ne4 Be7 15.Qa4 O-O
16.e3 f5 17.Nec3 Bd6 18.Rad1 Qf7 19.Qb5 e4 20.c5 Be5 21.Qxb7 Bxc3 22.Nxc3 Ne5
23.Rxd8 Rxd8 24.Nb5 Bc4 25.Ra1 Bxb5 26.Qxb5 Rd2 27.b4 Nd3 28.Rf1 h5 29.c6 g6
30.h4 Kh7 31.Qb8 a6 32.a4 Ra2 33.b5 Rxa4 34.b6  1-0

[Event "39th GM"]
[Site "Dortmund GER"]
[Date "2011.07.31"]
[Round "10"]
[White "Kramnik,V"]
[Black "Nakamura,Hi"]
[Result "0-1"]
[WhiteElo "2781"]
[BlackElo "2770"]

1.d4 Nf6 2.c4 g6 3.Nc3 Bg7 4.e4 d6 5.Nf3 O-O 6.Be2 e5 7.O-O Nc6 8.d5 Ne7
9.b4 Nh5 10.c5 Nf4 11.a4 f5 12.Bc4 fxe4 13.Nxe4 h6 14.Re1 Bg4 15.Ra3 g5 16.h3 Bh5
17.Bxf4 Rxf4 18.g3 Rf8 19.a5 Kh8 20.Kg2 Rb8 21.Qd2 b6 22.axb6 axb6 23.Nfxg5 hxg5
24.Qxg5 Bg6 25.cxd6 cxd6 26.Ra7 Rc8 27.Rxe7 Rxc4 28.f3 Rc2+ 29.Kg1 Rc8 30.Ra1 Rf7
31.Qxg6 Qxe7 32.Ng5 Kg8 33.Qh7+ Kf8 34.Ne6+ Ke8 35.Qh5 Bf6 36.g4 Qb7 37.Rd1 Qa6
38.Qg6 Ke7 39.g5 Bh8 40.Re1 Qa3 41.Nd4 Qxb4 42.Nf5+ Kf8 43.Rd1 Rc2 44.Nd4 exd4
45.Qxc2 Qc3 46.Qe4 Qe3+ 47.Qxe3 dxe3 48.Kg2 Bc3 49.Kf1 Rxf3+ 50.Ke2 Rxh3  0-1

[Event "112th US Open"]
[Site "Orlando USA"]
[Date "2011.08.04"]
[Round "3"]
[White "Nakamura,Hi"]
[Black "Fernandez,Dani"]
[Result "1/2-1/2"]
[WhiteElo "2770"]
[BlackElo "2401"]

1.d4 d5 2.c4 c6 3.Nc3 Nf6 4.e3 a6 5.Bd2 e6 6.Nf3 c5 7.Qc2 Nc6 8.dxc5 Bxc5
9.Rd1 Qe7 10.a3 O-O 11.Bd3 dxc4 12.Bxc4 b5 13.Ba2 Bb7 14.O-O Rac8 15.b4 Bd6
16.Qb2 Ng4 17.h3 Nce5 18.Nxe5 Nxe5 19.f4 Nc4 20.Bxc4 Rxc4 21.Ne2 Rfc8 22.Bc3 Bd5
23.Rd2 f6 24.Bd4 Qc7 25.Rfd1 Be7 26.Ng3 Rc2 27.Rxc2 Qxc2 28.Rd2 Qc1+ 29.Kh2 Qxb2
30.Bxb2 Rc4 31.Ne2 Kf7 32.Kg3 h6 33.Kf2 a5 34.bxa5 b4 35.axb4 Bxb4 36.Rd4 Bxa5
37.Rxc4 Bxc4 38.Nd4 Bb6 39.Nf3 Bd5 40.g4 Bxf3 41.Kxf3 f5 42.e4 g6 43.Bc3  1/2-1/2

[Event "112th US Open"]
[Site "Orlando USA"]
[Date "2011.08.05"]
[Round "7"]
[White "Nakamura,Hi"]
[Black "Esserman,M"]
[Result "1/2-1/2"]
[WhiteElo "2770"]
[BlackElo "2453"]

1.d4 Nf6 2.c4 g6 3.Nc3 d5 4.cxd5 Nxd5 5.e4 Nxc3 6.bxc3 Bg7 7.Qa4+ Nd7 8.Be3 O-O
9.Rc1 Nf6 10.Bd3 b6 11.Ne2 e5 12.f3 c5 13.O-O Be6 14.Rfd1 Qc7 15.dxe5 Qxe5
16.Bf4 Qh5 17.Bb5 Bh6 18.Bc6 Rac8 19.e5 Bxf4 20.Qxf4 Qf5 21.Qxf5 gxf5 22.Ba4 Nd5
23.Kf2 f6 24.c4 Nc7 25.exf6 Kf7 26.Nf4 Rcd8 27.Bb3 Kxf6 28.h3 Bf7 29.g4 fxg4
30.hxg4 Ne6 31.Nxe6 Bxe6 32.Kg3 Bf7 33.f4 h6 34.Kh4 Rfe8 35.Kg3 Re3+ 36.Kf2 Red3
37.Rh1 Rd2+ 38.Kg3 R8d3+ 39.Kh4 Rd4 40.Rhf1 Re2 41.Rf3 Bg6 42.Rff1 Bf7 43.Rcd1 Ree4
44.Kg3 Re3+ 45.Kf2 Ree4 46.Kg3 Re3+  1/2-1/2

[Event "112th US Open"]
[Site "Orlando USA"]
[Date "2011.08.06"]
[Round "8"]
[White "Sundararajan,K"]
[Black "Nakamura,Hi"]
[Result "0-1"]
[WhiteElo "2491"]
[BlackElo "2770"]

1.d4 f5 2.g3 Nf6 3.Bg2 g6 4.Nf3 Bg7 5.O-O O-O 6.b3 d6 7.Bb2 c6 8.c4 Qc7 9.Nbd2 Re8
10.Qc2 Na6 11.a3 e5 12.c5 e4 13.cxd6 Qxd6 14.Ne5 Be6 15.b4 Bd5 16.Ndc4 Qe6
17.Bc1 Ng4 18.Nxg4 Bxc4 19.Ne5 Bb3 20.Qc3 Ba4 21.g4 fxg4 22.Bxe4 Nc7 23.f4 gxf3
24.Qxf3 Nb5 25.Bb2 Nxd4 26.Bxd4 Bxe5 27.Bxe5 Qxe5 28.Qf7+ Kh8 29.Bd3 Re7
30.Qf6+ Qxf6 31.Rxf6 Rd8 32.Raf1 Kg7 33.Bc4 Rdd7 34.Be6 Rd1 35.Bc4 Rxf1+
36.Rxf1 a6 37.Rf4 Bc2 38.Kf2 Be4 39.Ke3 Bd5+ 40.Kd3 g5 41.Rd4 Bxc4+ 42.Rxc4 Rd7+
43.Ke3 h5 44.Kf3 Kf6 45.h3 Rd5 46.Rc3 Ke6 47.Re3+ Kd6 48.Re8 Rf5+ 49.Ke4 Rf4+
50.Kd3 Rh4 51.Re3 a5 52.Kc3 axb4+ 53.axb4 b5 54.Rg3 Rc4+ 55.Kd2 Rxb4 56.Rxg5 Rh4
57.Rg3 Kc5 58.Kd3 Rd4+ 59.Kc3 b4+ 60.Kb3 Kb5 61.Rg5+ c5 62.Rxh5 Re4 63.h4 Re3+
64.Kc2 Rxe2+ 65.Kd3 Rh2 66.Rh8 c4+ 67.Kd4 c3 68.h5 c2 69.Rc8 b3  0-1

[Event "112th US Open"]
[Site "Orlando USA"]
[Date "2011.08.07"]
[Round "9"]
[White "Lenderman,A"]
[Black "Nakamura,Hi"]
[Result "1/2-1/2"]
[WhiteElo "2525"]
[BlackElo "2770"]

1.d4 Nf6 2.c4 g6 3.Nc3 d5 4.Bg5 Ne4 5.Bf4 Nxc3 6.bxc3 dxc4 7.Qa4+ c6 8.Qxc4 Bg7
9.e3 Nd7 10.Nf3 O-O 11.Qb4 b6 12.Be2 c5 13.Qa4 a6 14.Qb3 b5 15.O-O c4 16.Qc2 Nb6
17.Be5 f6 18.Bg3 Bb7 19.Nd2 e5 20.dxe5 fxe5 21.Rad1 Qe7 22.Bf3 Bxf3 23.Nxf3 Na4
24.Rd5 Rad8 25.Rfd1 e4 26.Bh4 Bf6 27.Rxd8 Rxd8 28.Rxd8+ Qxd8 29.Bxf6 Qxf6
30.Qxe4 Nxc3  1/2-1/2

[Event "US Chess League 2011"]
[Site "ICC INT"]
[Date "2011.09.06"]
[Round "2"]
[White "Nakamura,Hi"]
[Black "Khachiyan,M"]
[Result "0-1"]
[WhiteElo "2753"]
[BlackElo "2481"]

1.g3 d5 2.f4 Nf6 3.Bg2 g6 4.Nf3 Bg7 5.O-O O-O 6.d3 c5 7.c3 Nc6 8.Qe1 Bg4
9.e4 dxe4 10.dxe4 e5 11.Nh4 exf4 12.gxf4 Re8 13.e5 Nh5 14.Qf2 f6 15.h3 Be6
16.Bf3 Bxh3 17.Rd1 Qc8 18.Na3 fxe5 19.Nb5 Nxf4 20.Nd6 Qc7 21.Nxe8 Rxe8 22.Bxf4 exf4
23.Qxc5 Bf6 24.Re1 Re5 25.Bd5+ Kg7 26.Nf3 Rxd5 27.Qxd5 Qb6+ 28.Kh1 Qxb2 29.Ng5 Bxg5
30.Qxg5 h6 31.Re7+ Nxe7 32.Qxe7+ Kg8 33.Qe8+ Kg7 34.Qe5+ Kh7 35.Rg1 g5 36.Qe4+ Kg7
37.Re1 Qb6 38.Rb1 Qe3 39.Rxb7+ Kf6 40.Qxe3 fxe3 41.Kg1 g4 42.c4 Ke5 43.Re7+ Kd4
44.Kh2 Bf1 45.Kg3 h5 46.Kf4 e2 47.Re4+ Kd3 48.c5 Bg2 49.Re7 Kd2 50.Rd7+ Ke1  0-1

[Event "Kings vs Queens Rapid"]
[Site "Saint Louis USA"]
[Date "2011.09.10"]
[Round "1"]
[White "Fierro Baquero,M"]
[Black "Nakamura,Hi"]
[Result "0-1"]
[WhiteElo "2378"]
[BlackElo "2753"]

1.c4 g6 2.g3 Bg7 3.Bg2 d6 4.Nc3 Nc6 5.Rb1 Bd7 6.Nf3 Qc8 7.Nd5 Nd8 8.O-O c6
9.Nc3 Bh3 10.d3 h5 11.Bxh3 Qxh3 12.Ng5 Qd7 13.h4 f6 14.Nf3 Qh3 15.e4 Nh6
16.Qe2 e5 17.Rd1 Ne6 18.Qf1 Qxf1+ 19.Kxf1 f5 20.Ng5 Nxg5 21.Bxg5 Kd7 22.Kg2 Rhf8
23.Ne2 Rae8 24.b4 Rf7 25.b5 c5 26.Rb3 Kc8 27.a4 Ref8 28.Rf1 Rd7 29.Nc3 Nf7
30.Nd5 Nxg5 31.hxg5 f4 32.gxf4 exf4 33.Kf3 Be5 34.a5 Rdf7 35.b6 a6 36.Rbb1 Kd7
37.Rg1 Re8 38.Rg2 Bg7 39.Rh1 Ref8 40.Rd1 Ke6 41.Rb1 Ke5 42.Rb3 Rh8 43.Rh2 Ke6
44.Rh4 Be5 45.Rh1 Kd7 46.Rh4 Re8 47.Rh1 Bd4 48.Rbb1 Rc8 49.Rh4 Be5 50.Rhh1 Rh7
51.Rh4 Rf8 52.Rg1 Ke6 53.Rb1 Rhf7 54.Rg1 Bg7 55.Rb1 Ke5 56.Rb3 Rd8 57.Rb1 Rdf8
58.Rb3 Kd4 59.Ra3 Rh8 60.Rb3 Rh7 61.Ra3 Rh8 62.Rb3 Rd8 63.Ra3 Re8 64.Rb3 Rff8
65.Rh1 Re5 66.Rg1 Rh8 67.Rg2 Ree8 68.Rh2 Re5 69.Rg2 Ree8 70.Rh2 Rhf8 71.Rh1 Rf7
72.Rh4 Bh8 73.Ra3 Rd8 74.Rb3 Bg7 75.Ra3 Rdd7 76.Rb3 Ke5 77.Rb1 Rf8 78.Rb3 Kd4
79.Ra3 Rdf7 80.Rb3 Re8 81.Ra3 Re5 82.Rxf4 Rd7 83.Nf6 Bxf6 84.gxf6 Rf7 85.Ke2 g5
86.Rf3 g4 87.Rf4 Rg5 88.Ra1 Ke5 89.Ke3 Rxf6 90.Rxf6 Kxf6 91.d4 cxd4+ 92.Kxd4 h4
93.Rh1 g3 94.fxg3 hxg3 95.Rg1 g2 96.Ke3 Ke5 97.Kf3 Rg7 98.Ke3 Rg3+ 99.Kf2 Rg7
100.Ke3 Rg8 101.Kf3 Kd4  0-1

[Event "Kings vs Queens Rapid"]
[Site "Saint Louis USA"]
[Date "2011.09.11"]
[Round "2"]
[White "Zatonskih,A"]
[Black "Nakamura,Hi"]
[Result "1/2-1/2"]
[WhiteElo "2508"]
[BlackElo "2753"]

1.d4 b6 2.e4 Bb7 3.Bd3 e6 4.Nf3 d5 5.Nbd2 Nf6 6.e5 Nfd7 7.O-O c5 8.c3 Nc6
9.Re1 g5 10.h3 h5 11.Nf1 g4 12.Ng5 Bh6 13.h4 cxd4 14.cxd4 Nxd4 15.Bf4 Nc6
16.Rc1 Bg7 17.Bg6 Qe7 18.Nxf7 O-O 19.Bg5 Qb4 20.Nd6 Ncxe5 21.Nxb7 Nxg6 22.Rxe6 Nf4
23.Re7 Ne5 24.Rcc7 Rf7 25.Rxf7 Nxf7 26.Rxf7 Kxf7 27.Bxf4 Qxf4 28.Qxd5+ Kg6
29.Nd8 Rxd8 30.Qxd8 Bd4 31.Qe8+ Kg7 32.Qe7+ Kg8 33.Qe8+ Kg7 34.Qe7+ Kg8 35.Qe8+ Kg7
36.Qe7+  1/2-1/2

[Event "Kings vs Queens Rapid"]
[Site "Saint Louis USA"]
[Date "2011.09.12"]
[Round "3"]
[White "Nakamura,Hi"]
[Black "Kosteniuk,A"]
[Result "1-0"]
[WhiteElo "2753"]
[BlackElo "2469"]

1.e4 e5 2.f4 exf4 3.Nf3 d5 4.exd5 Nf6 5.Bb5+ Nbd7 6.c4 Qe7+ 7.Qe2 a6 8.Bxd7+ Bxd7
9.Ne5 O-O-O 10.d4 Re8 11.Bxf4 Ng4 12.h3 Nh6 13.Nc3 f6 14.O-O-O fxe5 15.dxe5 g5
16.Bh2 Bg7 17.Rhe1 Qb4 18.a3 Qb3 19.Qe3 Bf5 20.Rd2 Nf7 21.e6 Nd6 22.Qa7 Bxe6
23.dxe6 Rxe6 24.Rxe6 Bxc3 25.bxc3 Qxc3+ 26.Kd1 Qb3+ 27.Ke1 Kd7 28.Rdxd6+ cxd6
29.Rxd6+ Ke7 30.Qc5 Re8 31.Qe5+ Kf7 32.Rf6+ Kg7 33.Re6+  1-0

[Event "Kings vs Queens Rapid"]
[Site "Saint Louis USA"]
[Date "2011.09.14"]
[Round "4"]
[White "Lahno,Kateri"]
[Black "Nakamura,Hi"]
[Result "0-1"]
[WhiteElo "2554"]
[BlackElo "2753"]

1.e4 g6 2.d4 d6 3.Nc3 a6 4.Be3 b5 5.a4 b4 6.Nce2 Nf6 7.Ng3 Nbd7 8.Nf3 e5
9.dxe5 dxe5 10.Bc4 Bg7 11.Qd2 Qe7 12.Bh6 Bxh6 13.Qxh6 Bb7 14.Ng5 Rf8 15.Nxh7 Nxh7
16.Qxh7 Qf6 17.Qh6 Qf4 18.Qxf4 exf4 19.Ne2 f3 20.gxf3 Ne5 21.Bd5 Nxf3+ 22.Kf1 c6
23.Bb3 Nd2+ 24.Kg2 O-O-O 25.Rad1 Nxe4 26.Nf4 Nd2 27.Kg3 c5 28.Bd5 Bxd5  0-1

[Event "Kings vs Queens Rapid"]
[Site "Saint Louis USA"]
[Date "2011.09.15"]
[Round "5"]
[White "Nakamura,Hi"]
[Black "Krush,I"]
[Result "1-0"]
[WhiteElo "2753"]
[BlackElo "2472"]

1.Nc3 d5 2.e4 dxe4 3.Nxe4 Nd7 4.Bc4 e6 5.Qe2 Ngf6 6.Ng5 Nb6 7.Bb3 h6 8.N5f3 a5
9.a4 Be7 10.Ne5 O-O 11.Ngf3 Nfd5 12.O-O Bd7 13.d4 c5 14.dxc5 Bxc5 15.Rd1 Nf6
16.g4 Qe7 17.g5 hxg5 18.Bxg5 Rfd8 19.Kh1 Bc6 20.Nxc6 Rxd1+ 21.Rxd1 bxc6 22.Ne5 Qc7
23.Bxf6 gxf6 24.Nxf7 Nd5 25.Qxe6  1-0

[Event "4th Final Masters"]
[Site "Sao Paulo/Bilbao BRA/ESP"]
[Date "2011.09.26"]
[Round "1"]
[White "Nakamura,Hi"]
[Black "Ivanchuk,V"]
[Result "1/2-1/2"]
[WhiteElo "2753"]
[BlackElo "2765"]

1.d4 e6 2.c4 Bb4+ 3.Nd2 Nf6 4.a3 Be7 5.e4 d5 6.e5 Nfd7 7.Ngf3 a5 8.cxd5 exd5
9.Nb1 c5 10.dxc5 Nxc5 11.Nc3 Be6 12.Bb5+ Nc6 13.O-O O-O 14.Be3 Rc8 15.Rb1 Nd7
16.Nxd5 Ndxe5 17.Nxe7+ Qxe7 18.Nxe5 Nxe5 19.Re1 Nc4 20.Qa4 Nxe3 21.Rxe3 b6
22.Bd3 Rfd8 23.Bf5 Qd7 24.Qxd7 Bxd7 25.Bxd7 Rxd7 26.g3 g6 27.b4 axb4 28.Rxb4 Rc6  1/2-1/2

[Event "4th Final Masters"]
[Site "Sao Paulo/Bilbao BRA/ESP"]
[Date "2011.09.27"]
[Round "2"]
[White "Nakamura,Hi"]
[Black "Anand,V"]
[Result "1/2-1/2"]
[WhiteElo "2753"]
[BlackElo "2817"]

1.c4 c6 2.d4 d5 3.Nf3 Nf6 4.Nc3 e6 5.Bg5 h6 6.Bh4 dxc4 7.e4 g5 8.Bg3 b5 9.Ne5 Nbd7
10.Nxc6 Qb6 11.d5 Bb7 12.a4 a6 13.Be2 Bxc6 14.dxc6 Qxc6 15.axb5 axb5 16.Rxa8+ Qxa8
17.O-O Qc6 18.e5 Nd5 19.Nxd5 Qxd5 20.Qa1 Bg7 21.Rd1 Qc5 22.Qa8+ Ke7 23.Qb7 Rd8
24.Bf3 Bxe5 25.Bxe5 Qxe5 26.Bc6 Kf6 27.Bxd7 Qxb2 28.Rf1 c3 29.Qc7 Ra8 30.Bxe6 fxe6
31.f4 Ra1 32.fxg5+ Kxg5 33.Qg7+ Kh5 34.Qf7+ Kg5 35.Qf6+ Kh5 36.Qf7+ Kg5 37.Qg7+ Kh5
38.Qf7+  1/2-1/2

[Event "4th Final Masters"]
[Site "Sao Paulo/Bilbao BRA/ESP"]
[Date "2011.09.28"]
[Round "3"]
[White "Aronian,L"]
[Black "Nakamura,Hi"]
[Result "1/2-1/2"]
[WhiteElo "2807"]
[BlackElo "2753"]

1.Nf3 d5 2.c4 c6 3.e3 Nf6 4.Nc3 g6 5.d4 Bg7 6.Bd3 O-O 7.O-O Bg4 8.h3 Bxf3
9.Qxf3 e6 10.Rd1 Nbd7 11.b3 a5 12.Bf1 Qb8 13.Bd2 Rd8 14.Be1 Ne8 15.Rab1 Nd6
16.Qe2 Re8 17.Qc2 h5 18.Be2 Qd8 19.Bf3 Rb8 20.Qd3 Qe7 21.Qf1 Nf5 22.Be2 Ra8
23.Bd3 Nd6 24.Rbc1 Qd8 25.Bb1 Bh6 26.Na4 Bf8 27.Nc5 Qc7 28.Nd3 a4 29.Nf4 axb3
30.axb3 Qd8 31.Bb4 Nc8 32.Bxf8 Nxf8 33.Bd3 Ra3 34.b4 Nb6 35.b5 Qe7 36.bxc6 bxc6
37.cxd5 cxd5 38.Rc6 Nbd7 39.Ra6 Rxa6 40.Bxa6 Rb8 41.Rb1 Rxb1 42.Qxb1 Qd6
43.Be2 Qb8 44.Qxb8 Nxb8 45.Bb5 Nbd7 46.Bxd7 Nxd7  1/2-1/2

[Event "4th Final Masters"]
[Site "Sao Paulo/Bilbao BRA/ESP"]
[Date "2011.09.30"]
[Round "4"]
[White "Carlsen,M"]
[Black "Nakamura,Hi"]
[Result "1/2-1/2"]
[WhiteElo "2823"]
[BlackElo "2753"]

1.d4 d5 2.c4 e6 3.Nc3 Be7 4.Nf3 Nf6 5.Bg5 h6 6.Bxf6 Bxf6 7.e3 O-O 8.Rc1 c6
9.Bd3 Nd7 10.O-O dxc4 11.Bxc4 e5 12.Bb3 exd4 13.exd4 Nb6 14.h3 Re8 15.Re1 Rxe1+
16.Qxe1 Bf5 17.Ne5 Nd5 18.Nxd5 cxd5 19.g4 Be6 20.f4 Qb6 21.Rd1 Bxe5 22.Qxe5 Re8
23.f5 f6 24.Qf4 Bf7 25.Qf2 Qb4 26.Kg2 Re4 27.Rd2 Qd6 28.Bd1 Kf8 29.Bf3 Re7
30.Re2 Rxe2 31.Qxe2 Be8 32.Qe3 Bc6 33.a3 Qe7 34.Qc3 a6 35.b4 Ke8 36.a4 Qd7
37.a5 Qd6 38.Qc5 Qf4 39.Bxd5 Qd2+ 40.Kf3 Qd3+ 41.Kf2 Qd2+ 42.Kf3 Qd3+ 43.Kf2  1/2-1/2

[Event "4th Final Masters"]
[Site "Sao Paulo/Bilbao BRA/ESP"]
[Date "2011.10.01"]
[Round "5"]
[White "Nakamura,Hi"]
[Black "Vallejo Pons,F"]
[Result "1-0"]
[WhiteElo "2753"]
[BlackElo "2716"]

1.c4 e5 2.Nc3 Nc6 3.g3 Bc5 4.Bg2 a6 5.e3 d6 6.Nge2 Nge7 7.b3 Ba7 8.Bb2 Rb8
9.d3 Bf5 10.Qd2 Qd7 11.h3 O-O 12.f4 Be6 13.d4 Nf5 14.Bxc6 bxc6 15.O-O-O exd4
16.exd4 Ne7 17.g4 f5 18.g5 Bf7 19.Ng3 a5 20.h4 a4 21.Nxa4 Bxc4 22.bxc4 c5
23.Nc3 Rb4 24.Qd3 cxd4 25.Nb5 d5 26.Nxa7 c5 27.cxd5 Qxa7 28.a3 Rb6 29.Qc4 Nc8
30.d6+ Kh8 31.d7 Qxd7 32.Rh2 Qb7 33.Rc2 Rb5 34.Nxf5 Rxf5 35.Rxd4 Rf8 36.Rdd2 Ne7
37.h5 Nf5 38.h6 Rxb2 39.hxg7+ Kxg7 40.Qc3+ Nd4 41.Rxb2 Qd5 42.Qh3 Re8 43.Rb6 Kg8
44.Kb2 Qf7 45.Qh6 Qxf4 46.Rh2 Re7 47.g6 Qxh6 48.Rxh6 Re2+ 49.Kc3 hxg6 50.Rhxg6+ Kf7
51.Rbf6+ Ke7 52.Ra6 Ne6 53.a4 Kd7 54.a5 Nc7 55.Ra7 Re7 56.a6 Ke8 57.Rb7 Kf7
58.Rc6 Nd5+ 59.Kc4  1-0

[Event "3rd London Chess Classic"]
[Site "London ENG"]
[Date "2011.12.03"]
[Round "1"]
[White "Kramnik,V"]
[Black "Nakamura,Hi"]
[Result "1/2-1/2"]
[WhiteElo "2800"]
[BlackElo "2758"]

1.Nf3 Nf6 2.c4 e6 3.g3 d5 4.d4 dxc4 5.Bg2 Nc6 6.Qa4 Bb4+ 7.Bd2 Nd5 8.Bxb4 Nxb4
9.O-O Rb8 10.Na3 O-O 11.Qb5 b6 12.Qxc4 Ba6 13.Nb5 Qd5 14.Qxd5 Nxd5 15.a4 Na5
16.Ne5 Rbd8 17.Nxa7 Nb4 18.Rac1 Rxd4 19.Nb5 Bxb5 20.axb5 f6 21.e3 Rdd8 22.Nf3 Rf7
23.Bh3 Re7 24.Rc3 Kf7 25.Ra1 Rd3 26.Bf1 Rxc3 27.bxc3 Nd5 28.c4 Nc3 29.c5 Rd7
30.Nd4 Ne4 31.cxb6 cxb6 32.Rc1 Nc5 33.f4 Ke7 34.Nc6+ Nxc6 35.bxc6 Ra7 36.Rd1 Rc7
37.Bg2 e5 38.fxe5 fxe5 39.Rb1 e4 40.Rxb6 Kd6 41.Rb4 Kd5 42.Rd4+ Ke5 43.Rc4 Kd5
44.Rd4+ Ke5 45.Rc4 Kd5  1/2-1/2

[Event "3rd London Chess Classic"]
[Site "London ENG"]
[Date "2011.12.04"]
[Round "2"]
[White "Nakamura,Hi"]
[Black "Aronian,L"]
[Result "1-0"]
[WhiteElo "2758"]
[BlackElo "2802"]

1.d4 d5 2.c4 e6 3.Nc3 Be7 4.cxd5 exd5 5.Bf4 c6 6.e3 Bf5 7.Nge2 Nd7 8.Ng3 Bg6
9.Be2 Nb6 10.Be5 Nf6 11.h4 h6 12.h5 Bh7 13.Bd3 O-O 14.Bxh7+ Kxh7 15.Qc2+ Kh8
16.Nf5 Nc4 17.b3 Nxe5 18.dxe5 Ng4 19.f4 Qd7 20.O-O-O f6 21.e4 fxe5 22.Qe2 Nf6
23.Nh4 exf4 24.Ng6+ Kg8 25.Nxf8 Bxf8 26.exd5 cxd5 27.Qd3 Rd8 28.Kb1 Bc5 29.Rhf1 Be3
30.g3 d4 31.gxf4 Qe7 32.Rde1 Rd7 33.Nd1 Nd5 34.Nxe3 dxe3 35.Rc1 Rd8 36.Qf5 Qe8
37.Rfe1 b6 38.a3 Kh8 39.Kb2 a5 40.Rc4 Nf6 41.Qe5 Qf8 42.Qxe3 b5 43.Rd4 b4
44.a4 Rxd4 45.Qxd4 Nxh5 46.Re5 Nxf4 47.Rxa5 Ne6 48.Qd2 g5 49.Ra6 Qf6+ 50.Ka2 Qe5
51.Qb2 Qxb2+ 52.Kxb2 Nf4 53.Rxh6+ Kg7 54.Rd6  1-0

[Event "3rd London Chess Classic"]
[Site "London ENG"]
[Date "2011.12.06"]
[Round "4"]
[White "Anand,V"]
[Black "Nakamura,Hi"]
[Result "0-1"]
[WhiteElo "2811"]
[BlackElo "2758"]

1.d4 Nf6 2.c4 g6 3.Nc3 Bg7 4.e4 d6 5.Nf3 O-O 6.Be2 e5 7.O-O Nc6 8.d5 Ne7
9.b4 Ne8 10.c5 f5 11.Nd2 Nf6 12.a4 g5 13.Nc4 h6 14.f3 f4 15.Ba3 Ng6 16.b5 dxc5
17.Bxc5 Rf7 18.a5 h5 19.b6 g4 20.Nb5 cxb6 21.axb6 g3 22.Kh1 Bf8 23.d6 a6
24.Nc7 Rb8 25.Na5 Kh8 26.Bc4 Rg7 27.Ne6 Bxe6 28.Bxe6 gxh2 29.Nc4 Qe8 30.Bd5 h4
31.Rf2 h3 32.gxh3 Rc8 33.Ra5 Nh4 34.Kxh2 Nd7 35.Bb4 Rg3 36.Qf1 Qh5 37.Ra3 a5
38.Be1 Rxc4 39.Bxc4 Bxd6 40.Rxa5 Bc5 41.Be2 Bxb6 42.Rb5 Bd4 43.Bd1 Bxf2 44.Bxf2 Nxf3+
45.Bxf3 Qxf3 46.Rb1 Rg6 47.Rxb7 Nf6 48.Rb8+ Kh7 49.Rb7+ Kh6  0-1

[Event "3rd London Chess Classic"]
[Site "London ENG"]
[Date "2011.12.09"]
[Round "6"]
[White "McShane,L"]
[Black "Nakamura,Hi"]
[Result "1/2-1/2"]
[WhiteElo "2671"]
[BlackElo "2758"]

1.e4 c5 2.Nf3 e6 3.g3 d5 4.exd5 exd5 5.d4 Nf6 6.Bg2 Be7 7.O-O O-O 8.dxc5 Bxc5
9.Bg5 Be6 10.Nc3 Nc6 11.Rb1 d4 12.Bxf6 Qxf6 13.Ne4 Qe7 14.Nxc5 Qxc5 15.b4 Qb5
16.a4 Qxa4 17.b5 Ne7 18.Nxd4 Rfd8 19.c3 Qxd1 20.Rfxd1 Bd5 21.Bf1 a5 22.bxa6 bxa6
23.Re1 Kf8 24.c4 Nc6 25.Nb3 Be6 26.Bg2 Rac8 27.Nc5 Bf5 28.Nb7 Bxb1 29.Nxd8 Nxd8
30.Rxb1 Rxc4 31.Ra1  1/2-1/2